000 00215 a2200097 4500
001 5888
100 _aSonnenberg,GJ
245 _aRadar & electronic navigation
260 _a
_bGeorge newnes
_c
090 _c4806
_d4806
942 _aNUST-CAE
_cM
_c31163
999 _c240961
_d240961